[Event "25th Czech Open A 2014"]
[Site "Pardubice CZE"]
[Date "2014.07.22"]
[Round "5.62"]
[White "Semenova, Elena1"]
[Black "Cerveny, Martin"]
[Result "1-0"]
[WhiteTitle "WIM"]
[BlackTitle "FM"]
[WhiteElo "2215"]
[BlackElo "2375"]
[WhiteFideId "24125148"]
[BlackFideId "321141"]
[EventDate "2014.07.18"]

1. e4 c5 2. Nf3 d6 3. d4 cxd4 4. Nxd4 Nf6 5. Nc3 a6 6. f4 e5 7. Nf3 Nbd7 8. a4
Be7 9. Bd3 O-O 10. O-O Nc5 11. Kh1 exf4 12. Bxf4 Bg4 13. Qd2 Rc8 14. Nd4 Re8 15.
Be3 Nxd3 16. Qxd3 d5 17. e5 Nd7 18. Bf4 Bc5 19. Nb3 Be6 20. Nxc5 Nxc5 21. Qg3
Kh8 22. Rad1 Qb6 23. Bc1 Qc6 24. Rf4 Nd7 25. Rfd4 Nf8 26. h3 Ng6 27. Be3 Ne7 28.
Rb4 Qc7 29. Bb6 Qb8 30. Bf2 Nc6 31. Rb6 Ne7 32. Rd2 Rc6 33. a5 Rec8 34. Qg5 Qc7
35. Rxc6 Nxc6 36. Nxd5 Qxa5 37. c4 h6 38. Qf4 Qa1+ 39. Kh2 a5 40. Bh4 Qb1 41.
Qe3 Qf1 42. b3 a4 43. Nb6 Re8 44. Nxa4 Bxc4 45. bxc4 Nxe5 46. Qf2 Qxc4 47. Nb6
Qc6 48. Bg3 Re6 49. Rd8+ Kh7 50. Nd7 Nxd7 51. Qf5+ Rg6 52. Rxd7 Qc3 53. Rd3 Qc6
54. h4 Qf6 55. Qxf6 Rxf6 56. Rd7 Rf1 57. Rxb7 Kg6 58. Be5 h5 59. Rb3 f6 60. Bd6
Rd1 61. Ba3 Kf5 62. Rf3+ Ke6 63. Rb3 Rd5 64. Rb7 Rd3 65. Bc1 Rc3 66. Bb2 Rc2 67.
Ba3 Rc3 68. Bf8 g6 69. Rb6+ Kf7 70. Bb4 Rc4 71. Kg3 Rc1 72. Bd2 Rc2 73. Be3 Rc4
74. Ra6 Re4 75. Bc1 Rb4 76. Rc6 Rb3+ 77. Kf2 Rb4 78. g3 Rb3 79. Bd2 Rb2 80. Ke3
Rb5 81. Bc3 Rf5 82. Bd4 Ke7 83. Ra6 Kf7 84. Bc3 Ke7 85. Ra5 Rf1 86. Ke2 Rg1 87.
Ra7+ Ke6 88. Ra6+ Kf5 89. Rxf6+ Kg4 90. Rxg6+ Kh3 91. Be5 1-0

[Event "25th Czech Open A 2014"]
[Site "Pardubice CZE"]
[Date "2014.07.22"]
[Round "5.63"]
[White "Vlasak, Lukas"]
[Black "Cremer, Jan Paul"]
[Result "1/2-1/2"]
[WhiteTitle "FM"]
[WhiteElo "2375"]
[BlackElo "2194"]
[WhiteFideId "324752"]
[BlackFideId "24686115"]
[EventDate "2014.07.18"]

1. e4 Nf6 2. e5 Nd5 3. d4 d6 4. c4 Nb6 5. exd6 exd6 6. h3 Nc6 7. Nf3 Bf5 8. Be2
Nb4 9. Na3 Be7 10. O-O O-O 11. Be3 Bf6 12. Qd2 a5 13. Ne1 Re8 14. g4 Bg6 15. Ng2
c6 16. Nf4 d5 17. c5 Nd7 18. Nxg6 hxg6 19. Kg2 Bh4 20. Nc2 Nxc2 21. Qxc2 Nf6 22.
Bd3 Ne4 23. Bxe4 Rxe4 24. Rae1 Qe7 25. Bd2 Re8 26. Bxa5 Bf6 27. Bc3 Bxd4 28.
Rxe4 Qxe4+ 29. Qxe4 Rxe4 30. Bxd4 Rxd4 31. Re1 Kf8 32. Re3 Rb4 33. b3 Rb5 34.
Rc3 Ke7 35. a3 Ra5 36. b4 Ra8 37. Kf3 Rd8 38. Rd3 Kf6 39. Ke3 Re8+ 40. Kd2 Re4
41. f3 Rc4 42. Re3 d4 43. Re4 Rc3 44. Rxd4 1/2-1/2

[Event "25th Czech Open A 2014"]
[Site "Pardubice CZE"]
[Date "2014.07.22"]
[Round "5.64"]
[White "Vrana, Jan"]
[Black "Seegert, Kristian"]
[Result "1-0"]
[WhiteTitle "FM"]
[WhiteElo "2374"]
[BlackElo "2178"]
[WhiteFideId "322369"]
[BlackFideId "1405098"]
[EventDate "2014.07.18"]

1. e4 c5 2. Nf3 d6 3. d4 cxd4 4. Qxd4 Nc6 5. Bb5 Bd7 6. Bxc6 Bxc6 7. Nc3 Nf6 8.
Bg5 e6 9. O-O-O Be7 10. Qd3 Qa5 11. h4 h6 12. Bf4 d5 13. Nd4 dxe4 14. Nxc6 bxc6
15. Qc4 O-O 16. Kb1 Nd5 17. Bd2 Qb6 18. Nxe4 f5 19. Nc3 Bf6 20. f3 Rab8 21. b3
Qc7 22. Rhe1 Qd6 23. Na4 Qa3 24. Rxe6 Nb6 25. Qc5 Qxa4 26. Rxf6 Rxf6 27. Qe5
Qxh4 28. Qxb8+ Rf8 29. Qxa7 Qd4 30. Rc1 Ra8 31. Bc3 Qxc3 32. Qxb6 Ra5 33. Rd1
Rc5 34. Qd8+ Kh7 35. Qd2 Qf6 36. Re1 Rd5 37. Qe3 c5 38. Qe2 Qc3 39. Rd1 Rxd1+
40. Qxd1 c4 41. Qe2 cxb3 42. axb3 Kg6 43. Qd3 Qe1+ 44. Kb2 Kg5 45. Qd4 g6 46. b4
Qg3 47. Qd2+ Kh5 48. c4 g5 49. b5 g4 50. f4 Qh4 51. Kb3 Qe7 52. g3 Qe6 53. Qd4
Qd6 54. Qd5 Qe6 55. Ka4 Qf6 56. Qh1+ Kg6 57. Qc6 Kh5 58. Qe8+ 1-0

[Event "25th Czech Open A 2014"]
[Site "Pardubice CZE"]
[Date "2014.07.22"]
[Round "5.65"]
[White "Gantar, Jan"]
[Black "Dauth, Benjamin"]
[Result "0-1"]
[BlackTitle "FM"]
[WhiteElo "2212"]
[BlackElo "2349"]
[WhiteFideId "14607875"]
[BlackFideId "4688104"]
[EventDate "2014.07.18"]

1. e4 e5 2. Nf3 Nc6 3. Bc4 Bc5 4. c3 Qf6 5. O-O d6 6. d3 Bg4 7. Be3 Nge7 8. Nbd2
Bb6 9. Qa4 h6 10. Bxb6 cxb6 11. d4 O-O 12. h3 Bc8 13. Rfe1 Ng6 14. Bf1 Nf4 15.
Kh2 exd4 16. cxd4 Bd7 17. g3 Ne6 18. d5 Ne5 19. Qd1 Ng5 20. Bg2 Nexf3+ 21. Nxf3
Bxh3 22. Nxg5 Bxg2 23. Kxg2 Qxg5 24. f4 Qg6 25. Rc1 Rae8 26. Qc2 f6 27. Qa4 Re7
28. Qxa7 Rxe4 29. Qxb6 Rfe8 30. Rxe4 Qxe4+ 31. Kg1 Qxd5 32. Qb3 Qxb3 33. axb3
Re3 34. Rc8+ Kh7 35. Rc3 Rxc3 36. bxc3 g5 37. f5 g4 38. Kf2 h5 39. Ke3 h4 40.
gxh4 Kh6 41. Kf4 Kh5 42. Kg3 d5 43. b4 b5 0-1

[Event "25th Czech Open A 2014"]
[Site "Pardubice CZE"]
[Date "2014.07.22"]
[Round "5.66"]
[White "Gheng, Josef"]
[Black "Vykouk, Jan"]
[Result "0-1"]
[WhiteTitle "FM"]
[WhiteElo "2336"]
[BlackElo "2176"]
[WhiteFideId "4618041"]
[BlackFideId "349658"]
[EventDate "2014.07.18"]

1. c4 e5 2. Nc3 Nf6 3. Nf3 Nc6 4. g3 Bb4 5. Nd5 Bc5 6. b4 Nxd5 7. cxd5 Nxb4 8.
Bb2 d6 9. Bg2 Bg4 10. O-O Bxf3 11. Bxf3 O-O 12. Qb3 Na6 13. Bc3 Bb6 14. a4 Nc5
15. Qc4 a5 16. Rab1 Re8 17. d3 Qe7 18. e4 Qd7 19. Rb5 Rf8 20. d4 exd4 21. Qxd4
f6 22. Qc4 Rfe8 23. Kg2 Re7 24. h3 Qe8 25. Re1 Qg6 26. h4 Rae8 27. h5 Qf7 28.
Rb2 f5 29. e5 dxe5 30. Be2 Ne4 31. Rxb6 cxb6 32. Bb2 Rc7 33. Qb3 Nd2 34. Qd3 Nc4
35. Qxc4 Rxc4 36. Bxc4 e4 37. h6 gxh6 38. Bb3 Rd8 39. Rc1 Kf8 40. Rc3 Qe7 41.
Ba2 Ke8 42. Bc4 Rc8 43. Bb5+ Kd8 44. Rb3 Qd6 45. Bd4 Qxd5 46. Bxb6+ Ke7 47. Re3
Rc1 48. f3 Qd1 49. g4 Rc2+ 50. Kg3 Qd6+ 0-1

[Event "25th Czech Open A 2014"]
[Site "Pardubice CZE"]
[Date "2014.07.22"]
[Round "5.67"]
[White "Titan, Matej"]
[Black "Muhammad, Luthfi Ali"]
[Result "1/2-1/2"]
[BlackTitle "FM"]
[WhiteElo "2202"]
[BlackElo "2336"]
[WhiteFideId "14608146"]
[BlackFideId "7103743"]
[EventDate "2014.07.18"]

1. c4 Nf6 2. g3 g6 3. Bg2 Bg7 4. Nf3 O-O 5. O-O d6 6. d4 Nc6 7. Nc3 Bf5 8. d5
Na5 9. Nd4 Bd7 10. b3 c5 11. dxc6 bxc6 12. Bb2 Rb8 13. Rb1 Qc8 14. Qd2 Bh3 15.
e4 Rd8 16. Rfd1 Bxg2 17. Kxg2 c5 18. Nde2 Nc6 19. f3 e5 20. Nd5 Nxd5 21. cxd5
Nd4 22. Nxd4 exd4 23. Qd3 Re8 24. Rbc1 Qd7 25. Rc4 f5 26. b4 fxe4 27. fxe4 a5
28. a3 Qa4 29. Ra1 Re7 30. Kg1 Qe8 31. Re1 Reb7 32. Bc1 axb4 33. axb4 Rxb4 34.
Rxb4 Rxb4 35. Qa6 Qe7 36. Qc8+ Qf8 37. Qe6+ Kh8 38. Rf1 Qb8 39. Bg5 Rb1 40. Rxb1
Qxb1+ 41. Kg2 Qb2+ 42. Kh3 Qb8 43. e5 Bxe5 44. Bf6+ Bxf6 45. Qxf6+ Kg8 46. Qe6+
Kg7 47. Qe7+ Kg8 48. Qe6+ 1/2-1/2

[Event "25th Czech Open A 2014"]
[Site "Pardubice CZE"]
[Date "2014.07.22"]
[Round "5.68"]
[White "Rozhkov, Viacheslav"]
[Black "Chlost, Marlena"]
[Result "1-0"]
[WhiteTitle "FM"]
[BlackTitle "WFM"]
[WhiteElo "2327"]
[BlackElo "2142"]
[WhiteFideId "4181484"]
[BlackFideId "1122657"]
[EventDate "2014.07.18"]

1. e4 c5 2. Nf3 d6 3. d4 cxd4 4. Nxd4 Nf6 5. Nc3 a6 6. f4 e6 7. Qf3 Be7 8. Be3
Qc7 9. O-O-O Nc6 10. Rg1 O-O 11. g4 b5 12. e5 Nxd4 13. Bxd4 Bb7 14. Qh3 Ne4 15.
Bd3 d5 16. Bxe4 dxe4 17. Qe3 Rac8 18. Rg2 Qc6 19. Re2 b4 20. Nxe4 Rfd8 21. f5
Qxe4 22. Qxe4 Bxe4 23. Rxe4 Rc6 24. Be3 Rdc8 25. Rd2 a5 26. Red4 h5 27. Rd7 Bc5
28. Bxc5 Rxc5 29. fxe6 fxe6 30. gxh5 Rxe5 31. Rg2 Rxh5 32. Rdxg7+ Kh8 33. R7g5
Rc5 34. Rxh5+ Rxh5 35. c4 a4 36. Kd2 Rh3 37. Kc1 Rf3 38. b3 axb3 39. axb3 Rxb3
40. Rg3 1-0

[Event "25th Czech Open A 2014"]
[Site "Pardubice CZE"]
[Date "2014.07.22"]
[Round "5.69"]
[White "Krapivin, Vladislav"]
[Black "Rodionova, Polina"]
[Result "1/2-1/2"]
[WhiteTitle "IM"]
[BlackTitle "WFM"]
[WhiteElo "2321"]
[BlackElo "2138"]
[WhiteFideId "4126149"]
[BlackFideId "24102555"]
[EventDate "2014.07.18"]

1. e4 c5 2. Nc3 Nc6 3. g3 g6 4. Bg2 Bg7 5. d3 e6 6. Be3 d6 7. f4 Nge7 8. Nf3 Nd4
9. O-O O-O 10. e5 Bd7 11. Ne4 Nef5 12. Bf2 Nxf3+ 13. Bxf3 Bc6 14. g4 Nd4 15. Bg2
dxe5 16. fxe5 Bxe4 17. Bxe4 Bxe5 18. c3 Nb5 19. Bxb7 Rb8 20. Bg2 Qd6 21. h3 Nc7
22. Qe2 Nd5 23. Bxd5 Qxd5 24. Be3 Bg7 25. Rf4 Rbd8 26. Rd1 Bh6 27. Rf2 Bxe3 28.
Qxe3 Qxa2 29. Qxc5 Rxd3 30. Rxd3 Qb1+ 31. Kg2 Qxd3 32. Qxa7 e5 33. Qc5 Qe4+ 34.
Kh2 Ra8 35. Qe7 Qd5 36. Re2 Qf3 37. Qxe5 Ra1 38. Qe8+ Kg7 39. Qe5+ Kg8 40. Qe8+
Kg7 41. Qe5+ Kg8 42. Rg2 Qf1 43. Qe8+ Kg7 44. Qe5+ Kg8 45. Qe8+ Kg7 46. Qe5+ Kg8
47. Qe8+ 1/2-1/2

[Event "25th Czech Open A 2014"]
[Site "Pardubice CZE"]
[Date "2014.07.22"]
[Round "5.70"]
[White "Pon, Matt"]
[Black "Hrabusa, Matej"]
[Result "1/2-1/2"]
[WhiteTitle "FM"]
[WhiteElo "2041"]
[BlackElo "2319"]
[WhiteFideId "14301644"]
[BlackFideId "14908042"]
[EventDate "2014.07.18"]

1. c4 e5 2. Nc3 Bb4 3. g3 Bxc3 4. bxc3 d6 5. Bg2 Nc6 6. d3 f5 7. Nf3 Nf6 8. O-O
O-O 9. Nd2 Qe8 10. e3 f4 11. Ne4 Nxe4 12. Bxe4 Bh3 13. exf4 Bxf1 14. Qxf1 Qh5
15. Rb1 exf4 16. Bxf4 Rae8 17. Rxb7 Rxe4 18. dxe4 Rxf4 19. gxf4 Qg4+ 1/2-1/2

[Event "25th Czech Open A 2014"]
[Site "Pardubice CZE"]
[Date "2014.07.22"]
[Round "5.71"]
[White "Rjabzev, Konstantin"]
[Black "Istona, Martin"]
[Result "1-0"]
[WhiteTitle "IM"]
[WhiteElo "2308"]
[BlackElo "2106"]
[WhiteFideId "4150015"]
[BlackFideId "14923475"]
[EventDate "2014.07.18"]

1. e4 c5 2. Nf3 d6 3. c3 Nf6 4. h3 g6 5. Bd3 Bg7 6. Bc2 e5 7. O-O O-O 8. d3 b6
9. a3 Bb7 10. b4 Nbd7 11. Nbd2 Qc7 12. Bb2 a6 13. Re1 b5 14. Nb3 Rad8 15. Na5
Ba8 16. c4 Rfe8 17. Qd2 Re7 18. Nh2 Nf8 19. Ng4 Nxg4 20. hxg4 Ne6 21. Bb3 Bf6
22. cxb5 axb5 23. Bd5 Bg5 24. Qd1 Nf4 25. Bxa8 Rxa8 26. g3 Ne6 27. Kg2 Rc8 28.
Re2 f6 29. Rc2 Qb8 30. Nb3 Rec7 31. Nd2 Qb6 32. Nf3 Bh6 33. Bc1 Bxc1 34. Raxc1
Kg7 35. Qd2 Qa7 36. Ra2 Rc6 37. Rh1 Qf7 38. a4 Ra6 39. Rha1 Rca8 40. a5 Qc7 41.
g5 Qd8 42. bxc5 Nxc5 43. Rh1 R6a7 44. Qe3 fxg5 45. d4 Ne6 46. d5 Nc5 47. Nxg5
Kg8 48. f4 Qf6 49. Rf2 b4 50. f5 Rg7 51. Ne6 Nxe6 52. fxe6 Qd8 53. Rhf1 Qxa5 54.
Qh6 Qd8 55. Rf7 1-0

[Event "25th Czech Open A 2014"]
[Site "Pardubice CZE"]
[Date "2014.07.22"]
[Round "5.72"]
[White "Lomasov, Semen"]
[Black "Nayhebaver, Martin"]
[Result "0-1"]
[WhiteElo "2182"]
[BlackElo "2307"]
[WhiteFideId "24164879"]
[BlackFideId "14923432"]
[EventDate "2014.07.18"]

1. e4 c5 2. Nf3 d6 3. d4 cxd4 4. Nxd4 Nf6 5. Nc3 a6 6. Be3 e5 7. Nb3 Be7 8. Qd2
O-O 9. O-O-O b5 10. Nd5 Nxe4 11. Qb4 Bf5 12. Bb6 Bg5+ 13. Kb1 Qc8 14. Bd3 Nc6
15. Qe1 Nf6 16. Nxf6+ Bxf6 17. Bxf5 Qxf5 18. Rxd6 Rfc8 19. g4 Qf4 20. Be3 Qc4
21. Nd2 Qb4 22. Rxf6 gxf6 23. c3 Qd6 24. f3 Qd3+ 25. Ka1 Ne7 26. Ne4 Nd5 27. Bh6
Rc6 28. g5 f5 29. Nf2 Qe3 30. Qd1 Qxf2 31. Qxd5 Qc5 32. Qd7 Re6 33. Rd1 Rae8 34.
h4 e4 35. h5 R6e7 36. Qd2 e3 37. Qe2 Qc4 38. Qc2 e2 39. Re1 Qd5 40. b3 Rd7 41.
Kb2 Qxf3 42. Ka3 Qf2 43. Qc1 Qxe1 44. Qxe1 Rd1 0-1

[Event "25th Czech Open A 2014"]
[Site "Pardubice CZE"]
[Date "2014.07.22"]
[Round "5.73"]
[White "Dorst, Johannes"]
[Black "Zhylkaidarova, Sholpan"]
[Result "0-1"]
[WhiteElo "2299"]
[BlackElo "2069"]
[WhiteFideId "4650433"]
[BlackFideId "13700138"]
[EventDate "2014.07.18"]

1. e4 e6 2. d4 d5 3. Nc3 Bb4 4. e5 c5 5. a3 Bxc3+ 6. bxc3 Ne7 7. Qg4 Qc7 8. Bd3
cxd4 9. Ne2 dxc3 10. Qxg7 Rg8 11. Qxh7 Qxe5 12. Bf4 Qf6 13. h4 Rxg2 14. Bg3 e5
15. Kf1 Rxg3 16. Nxg3 e4 17. Be2 Nbc6 18. Nh5 Qe5 19. Qh6 Be6 20. Nf6+ Kd8 21.
Qh8+ Kc7 22. Ne8+ Rxe8 23. Qxe8 e3 24. fxe3 Qxe3 25. Rh2 Ng6 26. Qg8 Nd4 27. Rg2
Nxe2 28. h5 Qf3+ 29. Rf2 Ng3+ 0-1

[Event "25th Czech Open A 2014"]
[Site "Pardubice CZE"]
[Date "2014.07.22"]
[Round "5.74"]
[White "Galaktionov, Artem"]
[Black "Jacko, Vladimir2"]
[Result "1-0"]
[BlackTitle "FM"]
[WhiteElo "2006"]
[BlackElo "2296"]
[WhiteFideId "24175471"]
[BlackFideId "14915928"]
[EventDate "2014.07.18"]

1. d4 Nf6 2. Nf3 e6 3. c4 Bb4+ 4. Nbd2 d5 5. e3 O-O 6. a3 Be7 7. Bd3 b6 8. O-O
Bb7 9. Qc2 Nbd7 10. e4 dxe4 11. Nxe4 c5 12. Nxf6+ Nxf6 13. dxc5 Bxf3 14. gxf3
bxc5 15. Bf4 Qb6 16. Kh1 Kh8 17. Rg1 Nh5 18. Be5 f5 19. Qc3 Bf6 20. Bxf6 Nxf6
21. Bc2 Rad8 22. Rad1 Qc6 23. Rxd8 Rxd8 24. Re1 h6 25. b4 Rd4 26. Re5 Ng4 27.
Rxc5 Nxf2+ 28. Kg2 Qd6 29. Rd5 Rxd5 30. cxd5 1-0

[Event "25th Czech Open A 2014"]
[Site "Pardubice CZE"]
[Date "2014.07.22"]
[Round "5.75"]
[White "Pfeufer, Lion"]
[Black "Constantinou, Peter"]
[Result "0-1"]
[BlackTitle "FM"]
[WhiteElo "2025"]
[BlackElo "2285"]
[WhiteFideId "4681444"]
[BlackFideId "413038"]
[EventDate "2014.07.18"]

1. e4 g6 2. d4 Bg7 3. Nc3 d6 4. Nf3 Nf6 5. h3 O-O 6. Be2 a6 7. a4 b6 8. O-O Bb7
9. e5 dxe5 10. dxe5 Nd5 11. Nxd5 Bxd5 12. Ra3 Bb7 13. Rd3 Qc8 14. Bf4 Qf5 15.
Qc1 Nc6 16. Nh4 Qe4 17. Bf3 Qxa4 18. Ra3 Qb4 19. Rb3 Qc4 20. Rc3 Qe6 21. Bg4 f5
22. exf6 Qxf6 23. Bg5 Qf7 24. Rf3 Qc4 25. b3 Qc5 26. Rxf8+ Rxf8 27. Be6+ Kh8 28.
Bh6 Nd4 29. Bxg7+ Kxg7 30. Qb2 Qe5 31. Kh1 c5 32. Bg4 Rxf2 0-1

[Event "25th Czech Open A 2014"]
[Site "Pardubice CZE"]
[Date "2014.07.22"]
[Round "5.76"]
[White "Mammadova, Narmin"]
[Black "Musaev, Rasul"]
[Result "0-1"]
[BlackTitle "FM"]
[WhiteElo "2019"]
[BlackElo "2281"]
[WhiteFideId "13403710"]
[BlackFideId "24146870"]
[EventDate "2014.07.18"]

1. Nf3 Nf6 2. g3 g6 3. Bg2 Bg7 4. d3 O-O 5. e4 d6 6. O-O Nc6 7. Re1 e5 8. Nbd2
Bd7 9. Nf1 Qc8 10. Bd2 h6 11. c3 Bh3 12. Rc1 Bxg2 13. Kxg2 d5 14. exd5 Nxd5 15.
c4 Nb6 16. Bc3 Re8 17. Qc2 a5 18. a3 a4 19. Rcd1 Qd7 20. h3 f5 21. Ne3 Qf7 22.
Kh2 Kh8 23. Ng2 Nd7 24. b4 axb3 25. Qxb3 b6 26. Qb2 Rad8 27. Qb5 Na7 28. Qa4 Ra8
29. d4 e4 30. Ng1 Nc5 31. dxc5 Bxc3 32. Rd7 b5 33. Qd1 Qf6 34. Re3 bxc4 35. Nf4
Be5 36. Nd5 Qc6 37. Nb4 Qxc5 38. Rd5 Qe7 39. Rd7 Qe6 40. Ne2 c5 41. Nc2 Nc6 42.
Nf4 Bxf4 43. gxf4 Nd4 44. Rb7 Rad8 45. Qb1 Qd6 46. Rb6 Qxf4+ 47. Kg2 Rd6 48. Rb8
Re6 49. Rxe8+ Rxe8 50. Qb6 Qe5 51. Rg3 Ne2 52. Re3 Nf4+ 53. Kh1 Nd3 54. Re2 Qe6
55. Qc7 f4 56. Kh2 f3 57. Rd2 c3 0-1

[Event "25th Czech Open A 2014"]
[Site "Pardubice CZE"]
[Date "2014.07.22"]
[Round "5.77"]
[White "Suran, Jan"]
[Black "Marek, Matyas"]
[Result "1-0"]
[WhiteTitle "FM"]
[WhiteElo "2368"]
[BlackElo "2211"]
[WhiteFideId "305782"]
[BlackFideId "335398"]
[EventDate "2014.07.18"]

1. e4 c5 2. Nf3 d6 3. d4 cxd4 4. Nxd4 Nf6 5. Nc3 a6 6. Bc4 e6 7. a3 Be7 8. O-O
O-O 9. Ba2 b5 10. f4 Bb7 11. Qe2 Nbd7 12. e5 dxe5 13. fxe5 Ne8 14. Bf4 Bc5 15.
Rad1 Nb6 16. Kh1 Qc7 17. Ne4 Nd5 18. Bg3 Qe7 19. c3 Bb6 20. Bb1 f5 21. exf6 gxf6
22. Qg4+ Ng7 23. Bd6 Qd7 24. Bxf8 Rxf8 25. Qh4 f5 26. Ng5 h5 27. Rde1 Nc7 28.
Ba2 Bd5 29. Bxd5 Qxd5 30. Qg3 Rf6 31. Re5 Qd7 32. Rfe1 Bxd4 33. cxd4 Qxd4 34.
R5e2 f4 35. Qb3 Nd5 36. Nxe6 Nxe6 37. Rxe6 Rxe6 38. Rxe6 Qd2 39. h3 Ne3 40.
Rxe3+ 1-0

[Event "25th Czech Open A 2014"]
[Site "Pardubice CZE"]
[Date "2014.07.22"]
[Round "5.78"]
[White "Vokoun, Jan"]
[Black "Novotny, Michal"]
[Result "1/2-1/2"]
[WhiteTitle "FM"]
[BlackTitle "FM"]
[WhiteElo "2195"]
[BlackElo "2354"]
[WhiteFideId "301647"]
[BlackFideId "310980"]
[EventDate "2014.07.18"]

1. c4 e6 2. g3 d5 3. Bg2 dxc4 4. Qa4+ Bd7 5. Qxc4 Bc6 6. Nf3 Nd7 7. O-O Be7 8.
Qc2 g5 9. e4 Bf6 10. Nc3 g4 11. Ne1 Bd4 12. Ne2 Bg7 13. d4 h5 14. a4 Ndf6 15. b4
Ne7 16. Bb2 h4 17. b5 Bd7 18. Nf4 a6 19. bxa6 Rxa6 20. Ned3 Nh5 21. Nxh5 Rxh5
22. Nc5 Rb6 23. a5 Rxb2 24. Qxb2 Rxc5 25. e5 Rb5 26. Qe2 hxg3 27. hxg3 Rb4 28.
Rfb1 Rxb1+ 29. Rxb1 Bc6 30. Bxc6+ Nxc6 31. Rxb7 Nxa5 32. Ra7 Nc6 33. Ra4 Nxd4
34. Qxg4 Nf5 35. Qe4 Qd1+ 36. Kh2 Ne7 37. Qa8+ Qd8 38. Qb7 Nc8 39. Ra8 Kd7 40.
Ra3 Nb6 41. f4 Ke7 42. Ra7 Ke8 43. Qxc7 Qxc7 44. Rxc7 Bf8 45. Kg2 Be7 46. Kf3
Bd8 47. Ra7 Nd7 48. Ra2 Bb6 49. Rb2 Bc5 50. Rh2 Ke7 51. Rh1 Kf8 52. Rh8+ Kg7 53.
Rc8 Bb4 54. Rc7 Nb6 55. g4 Nd5 56. Rb7 1/2-1/2

[Event "25th Czech Open A 2014"]
[Site "Pardubice CZE"]
[Date "2014.07.22"]
[Round "5.79"]
[White "Hansen, Mads"]
[Black "Travkina, Anastasia"]
[Result "1/2-1/2"]
[WhiteTitle "FM"]
[BlackTitle "WFM"]
[WhiteElo "2350"]
[BlackElo "2200"]
[WhiteFideId "1401610"]
[BlackFideId "24129151"]
[EventDate "2014.07.18"]

1. c4 Nf6 2. g3 c6 3. Nf3 d5 4. Bg2 Bf5 5. cxd5 cxd5 6. Qb3 Qb6 7. Nc3 e6 8. d3
h6 9. Be3 Qb4 10. Nd4 Bh7 11. Nb5 Na6 12. Bxa7 Be7 13. O-O Qxb3 14. axb3 O-O 15.
e4 Bc5 16. Bxc5 Nxc5 17. exd5 exd5 18. Rxa8 Rxa8 19. Nc7 Ra7 20. N7xd5 Nxd5 21.
Bxd5 Nxd3 22. Rd1 Bg6 23. h4 h5 24. Kg2 Nxb2 25. Re1 Nd3 26. Re8+ Kh7 27. Re7
Ra1 28. Bxb7 Ra7 29. Ne4 Kh6 30. Nd6 f6 31. Re2 Nc5 32. Bc8 Nxb3 33. Rb2 Nc5 34.
Rb8 Kh7 35. Bf5 Bxf5 36. Nxf5 Nd3 37. Rd8 Ne5 38. Re8 Rc7 39. Nd4 Ng6 40. Kf1
Re7 41. Rd8 Ne5 42. Ne2 Rd7 43. Re8 Nd3 44. Nc3 Ne5 45. Ne4 Ng6 46. Nc5 Re7 47.
Rd8 Ne5 48. f4 Ng4 49. Nd7 g6 50. Nb6 Kg7 51. Nd5 Ra7 52. f5 Ra1+ 53. Ke2 Ra2+
54. Ke1 Ra1+ 55. Kd2 Ra2+ 56. Kc1 Ne5 57. Nf4 Ra5 58. Rc8 gxf5 59. Nxh5+ Kf7 60.
Rc7+ Ke6 61. Rb7 Ng4 62. Nf4+ Ke5 63. Re7+ Kd4 64. h5 Ra2 65. Rd7+ Ke4 66. Ng6
Rh2 67. Re7+ Kf3 68. Nh4+ Kxg3 69. Nxf5+ Kf4 70. Ng7 1/2-1/2

[Event "25th Czech Open A 2014"]
[Site "Pardubice CZE"]
[Date "2014.07.22"]
[Round "5.80"]
[White "Tokranovs, Dmitrijs"]
[Black "Karasek, Lukas"]
[Result "1-0"]
[WhiteElo "2297"]
[BlackElo "2199"]
[WhiteFideId "11603011"]
[BlackFideId "325031"]
[EventDate "2014.07.18"]

1. e4 c5 2. c3 d5 3. exd5 Qxd5 4. d4 Nf6 5. Nf3 Bg4 6. dxc5 Qxc5 7. h3 Bd7 8.
Be2 e6 9. O-O Be7 10. Na3 O-O 11. Be3 Qc8 12. c4 Rd8 13. Qb3 Na6 14. Nb5 Nc5 15.
Qc2 Bc6 16. Nc3 b6 17. Nd4 Bb7 18. Rfd1 a6 19. b4 Ncd7 20. a3 Qc7 21. Rac1 Rac8
22. Qb3 Qb8 23. Na4 Ba8 24. Bf3 Bxf3 25. Nxf3 b5 26. cxb5 axb5 27. Nc3 Ne8 28.
Nd4 Nd6 29. Nxe6 fxe6 30. Qxe6+ Kf8 31. Nd5 Bf6 32. Rxc8 Nxc8 33. Nxf6 1-0

[Event "25th Czech Open A 2014"]
[Site "Pardubice CZE"]
[Date "2014.07.22"]
[Round "5.82"]
[White "Priasmoro, Novendra"]
[Black "Cherednichenko, Elena"]
[Result "1-0"]
[BlackTitle "WFM"]
[WhiteElo "2282"]
[BlackElo "2182"]
[WhiteFideId "7105029"]
[BlackFideId "14105560"]
[EventDate "2014.07.18"]

1. e4 e5 2. Nf3 Nc6 3. Bb5 g6 4. d4 exd4 5. Bg5 Be7 6. Bxe7 Qxe7 7. Bxc6 dxc6 8.
Qxd4 Nf6 9. Nc3 Bg4 10. Nd2 c5 11. Qe3 Bd7 12. f3 Bc6 13. O-O O-O-O 14. Rad1 Kb8
15. Rfe1 Rhe8 16. Qg5 b6 17. Nf1 Ng8 18. Qxe7 Nxe7 19. Ne3 Rd4 20. Kf2 Kc8 21.
Ne2 Rxd1 22. Rxd1 Rd8 23. Rxd8+ Kxd8 24. c4 Bd7 25. f4 Nc6 26. Nc3 Nd4 27. g4 h6
28. h4 c6 29. e5 h5 30. gxh5 gxh5 31. Ne4 Ne6 32. Kg3 Ng7 33. Nf6 Bf5 34. Nxf5
Nxf5+ 35. Kf3 Nxh4+ 36. Ke4 Ng6 37. f5 Nf8 38. Nxh5 Nh7 39. Kf4 a6 40. Ng3 Kd7
41. Ne4 Nf8 42. a4 a5 43. Ng5 Ke8 44. e6 f6 45. Ne4 Ke7 46. Kg3 Nh7 47. Kg4 Nf8
48. Nf2 Nh7 49. Nh3 Kd6 50. Kh5 Ke7 51. Kh6 Nf8 52. Nf4 Kd8 53. Kg7 1-0

[Event "25th Czech Open A 2014"]
[Site "Pardubice CZE"]
[Date "2014.07.22"]
[Round "5.83"]
[White "Sochacki, Wojtek"]
[Black "Muter, Donny"]
[Result "1/2-1/2"]
[WhiteTitle "FM"]
[WhiteElo "2281"]
[BlackElo "2181"]
[WhiteFideId "651389"]
[BlackFideId "409170"]
[EventDate "2014.07.18"]

1. e4 c5 2. Nf3 d6 3. d4 cxd4 4. Qxd4 Nc6 5. Bb5 Bd7 6. Bxc6 Bxc6 7. Nc3 Nf6 8.
Bg5 e6 9. Qd3 Be7 10. Nd4 h6 11. Bd2 Qc7 12. O-O-O Rc8 13. Kb1 a6 14. f4 b5 15.
e5 dxe5 16. Nxc6 e4 17. Nxe4 Nxe4 18. Qxe4 Qxc6 19. Qxc6+ Rxc6 20. Bc3 f6 21.
Rhe1 Kf7 22. Ba5 Rd6 23. c3 g5 24. fxg5 hxg5 25. h3 1/2-1/2

[Event "25th Czech Open A 2014"]
[Site "Pardubice CZE"]
[Date "2014.07.22"]
[Round "5.84"]
[White "Srienz, Christian"]
[Black "Moravec, Vit"]
[Result "1/2-1/2"]
[WhiteTitle "FM"]
[WhiteElo "2267"]
[BlackElo "2188"]
[WhiteFideId "1603175"]
[BlackFideId "331481"]
[EventDate "2014.07.18"]

1. Nf3 c5 2. c4 Nf6 3. Nc3 g6 4. d4 cxd4 5. Nxd4 Bg7 6. g3 O-O 7. Bg2 Nc6 8. O-O
Nxd4 9. Qxd4 d6 10. Qd3 Bf5 11. e4 Be6 12. Bd2 Rb8 13. Rac1 a6 14. b3 Nd7 15.
Be3 Qa5 16. Qd2 Rfc8 17. Nd5 Qxd2 18. Bxd2 Bxd5 19. cxd5 Bb2 20. Rxc8+ Rxc8 21.
Bh3 Rc2 22. Be3 Nf6 23. f3 Re2 24. Bb6 Rc2 25. Rf2 Rc1+ 26. Rf1 Rc2 27. Rf2 Rc1+
28. Kg2 Ba3 29. Be3 Rc3 30. Bd4 Rc1 31. Be3 Rc3 32. Bd4 Rc1 1/2-1/2